00544nam a2200193Ia 450000500170000000800410001702000160005804000190007404100120009308200150010524500520012026000410017230000150021350400400022865000140026865100390028270000190032185000100034020250322085310.0131103s9999 xx 000 0 und d a071008282 7 aLoreto College aEnglish a370.1bLLO aPhilosophy and the teachercedited by D.T.Lloyd aLondonbRoutledge & Kegan Paulc1976 aix,137 p.  aIncludes bibliographical references aEducation aPhilosophy and theory of education aLloyd,D.T.,ed. aLCLIB